| 000 | 00356nam a2200133Ia 4500 | ||
|---|---|---|---|
| 008 | 231228s1989 xx 000 0 und d | ||
| 041 | _aeng | ||
| 082 |
_a658 .15 _bBRI |
||
| 100 | _aBRIGHAM (Eugene E.) | ||
| 245 | _aFundamentals of Financial Management.. | ||
| 250 | _a5th | ||
| 260 |
_aChicago _bThe Dryden Press Chicago Chicago _c1989 |
||
| 300 | _a855 | ||
| 999 |
_c1080010 _d1080010 |
||